Nuclear chemistry through problems / (Record no. 10650)

MARC details
000 -LEADER
fixed length control field 00940cam a2200289 i 4500
001 - CONTROL NUMBER
control field 4680210
003 - CONTROL NUMBER IDENTIFIER
control field EG-ScBUE
005 - DATE AND TIME OF LATEST TRANSACTION
control field 20250717083417.0
008 - FIXED-LENGTH DATA ELEMENTS--GENERAL INFORMATION
fixed length control field 820113s2007 ii a f 000 0 eng d
020 ## - INTERNATIONAL STANDARD BOOK NUMBER
International Standard Book Number 8122410367
020 ## - INTERNATIONAL STANDARD BOOK NUMBER
International Standard Book Number 9788122410365
040 ## - CATALOGING SOURCE
Original cataloging agency DLC
Language of cataloging eng
Description conventions rda
Transcribing agency DLC
Modifying agency DLC
-- OCoLC
-- EG-ScBUE
082 04 - DEWEY DECIMAL CLASSIFICATION NUMBER
Classification number 541.38
Edition number 22
Item number ARN
100 1# - MAIN ENTRY--PERSONAL NAME
Personal name Arnikar, Hari Jeevan,
Relator term author.
245 10 - TITLE STATEMENT
Title Nuclear chemistry through problems /
Statement of responsibility, etc Hari Jeevan Arnikar, professor emeritus of chemistry, Nilima Shivadatta Rajurkar.
250 ## - EDITION STATEMENT
Edition statement First edition.
264 #1 - PUBLICATION, DISTRIBUTION, ETC. (IMPRINT)
Place of publication, distribution, etc New Delhi :
Name of publisher, distributor, etc New age international,
Date of publication, distribution, etc 2007
300 1# - PHYSICAL DESCRIPTION
Extent 164 pages :
Other physical details illustrations ;
Dimensions 26 cm.
336 ## - CONTENT TYPE
Source rdacontent
Content type term text
Content type code txt
337 ## - MEDIA TYPE
Media type term unmediated
Source rdamedia
Media type code n
338 ## - CARRIER TYPE
Carrier type term volume
Carrier type code nc
Source rdacarrier
490 0# - SERIES STATEMENT
Series statement New age
650 #7 - SUBJECT ADDED ENTRY--TOPICAL TERM
Topical term or geographic name as entry element Nuclear chemistry.
Source of heading or term BUEsh
655 ## - INDEX TERM--GENRE/FORM
Form subdivision Reading book
700 1# - ADDED ENTRY--PERSONAL NAME
Personal name Loveland, Walter D.,
Relator term author.
9 (RLIN) 41916
942 ## - ADDED ENTRY ELEMENTS (KOHA)
Source of classification or shelving scheme Dewey Decimal Classification
Koha item type Book - Borrowing
Holdings
Withdrawn status Lost status Source of classification or shelving scheme Damaged status Not for loan Collection code Home library Current library Shelving location Date acquired Source of acquisition Cost, normal purchase price Serial Enumeration / chronology Total Checkouts Full call number Barcode Date last seen Date checked out Koha item type
    Dewey Decimal Classification     Alahram Central Library Central Library First floor 03/02/2009 Purchase 60.00 6462 1 541.38 ARN 000014454 15/07/2025 05/03/2017 Book - Borrowing